|
|
|
|
| LEADER |
00000cam a2200000 i 4500 |
| 001 |
1/99487 |
| 008 |
081215q19601970 gre d |
| 035 |
|
|
|l 10102481
|
| 040 |
|
|
|a GR-MY-UA
|b gre
|e aacr
|
| 041 |
0 |
|
|a gre
|
| 082 |
0 |
|
|a 320.53209495
|2 (22)
|
| 110 |
1 |
|
|a Ελλάς.
|b Υπουργείο Προεδρίας της Κυβερνήσεως.
|b Γενική Διεύθυνση Τύπου.
|
| 245 |
1 |
2 |
|a Η κομμουνιστική υπονόμευσις του έθνους :
|b τα αρχεία αποκαλύπτουν /
|c Υπουργείον Προεδρίας Κυβερνήσεως - Γενική Διεύθυνσης Τύπου
|
| 260 |
|
|
|a [Χ.τ.] :
|b [χ.ό.],
|c [19--]
|
| 300 |
|
|
|a 75 σ.;
|c 24 εκ.
|
| 650 |
0 |
0 |
|a Communism
|z Greece.
|
| 650 |
0 |
0 |
|a Nationalism and communism.
|
| 852 |
|
|
|a INST
|b RHODES
|c AKA
|e 20081215
|h 320.53209495 ΕΛΛ
|p 005400031564
|q 005400031564
|t BK
|y 0
|
| 901 |
|
|
|a BIBL4-2008-3
|
| 909 |
|
|
|a Ρ
|b 156632
|
| 970 |
|
|
|a ΚΟΖΑ
|b ΜΑΡΙΑ
|z 2008/12/15
|